[Event "AUTO-ADV-1858"]
[Site "http://www.queenalice.com/game.php?id=814422"]
[Date "2010.8.6"]
[Round "1"]
[White "Modaste1"]
[Black "agjjr"]
[Result "0-1"]
[WhiteElo "1534"]
[BlackElo "1427"]

1. e4 c5 2. f4 d6 3. Nf3 Nc6 4. Bb5 Bd7 5. O-O Nf6 6. e5 Nd5 7. d4 a6 8. dxc5
axb5 9. Qxd5 dxc5 10. Qxc5 e6 11. Qxb5 Nd4 12. Qd3 Nxf3+ 13. Rxf3 Bc5+ 14. Be3
Bxe3+ 15. Qxe3 Qc7 16. Nc3 Bc6 17. Rg3 g6 0-1

[Event "AUTO-ADV-1858"]
[Site "http://www.queenalice.com/game.php?id=814423"]
[Date "2010.8.6"]
[Round "1"]
[White "agjjr"]
[Black "Modaste1"]
[Result "1-0"]
[WhiteElo "1447"]
[BlackElo "1514"]

1. e4 e5 2. Nf3 Nc6 3. Nc3 Nf6 4. Bc4 Bb4 5. a3 Bxc3 6. dxc3 Nxe4 7. Qd5 Nd6 8.
O-O O-O 9. Nxe5 Nxe5 10. Qxe5 Nxc4 11. Qd4 d5 12. b3 Nb6 13. Be3 Be6 14. Rfe1
Rc8 15. Qd2 c5 16. Rad1 c4 17. Bd4 Qe7 18. b4 1-0

[Event "AUTO-ADV-1858"]
[Site "http://www.queenalice.com/game.php?id=814424"]
[Date "2010.8.6"]
[Round "1"]
[White "Modaste1"]
[Black "julick"]
[Result "0-1"]
[WhiteElo "1663"]
[BlackElo "1668"]

1. e4 e5 2. Nf3 d6 3. Bc4 Bg4 4. O-O Nf6 5. d3 c6 6. Bg5 Be7 7. Nbd2 Qb6 8. h3
Bxf3 9. Qxf3 Nbd7 10. b4 Qxb4 11. Rab1 Qc3 12. Qd1 b5 13. Bb3 O-O 14. Nf3 a5 15.
Bd2 Qc5 16. Be3 Qc3 17. d4 Nxe4 18. dxe5 Nxe5 19. Bd4 Qb4 20. Nxe5 dxe5 0-1

[Event "AUTO-ADV-1858"]
[Site "http://www.queenalice.com/game.php?id=814425"]
[Date "2010.8.6"]
[Round "1"]
[White "julick"]
[Black "Modaste1"]
[Result "1-0"]
[WhiteElo "1651"]
[BlackElo "1681"]

1. d4 d5 2. c3 Bf5 3. Nd2 Nf6 4. Ngf3 e6 5. e3 c5 6. dxc5 Bxc5 7. b4 Bd6 8. Ng5
O-O 9. Be2 Nfd7 10. Ngf3 a5 11. a3 axb4 12. cxb4 Bxb4 13. O-O Bd6 14. Qb3 b6 15.
Qc3 f6 16. Qb3 Nc6 17. Bb5 Nce5 18. Nxe5 Bxe5 19. Ra2 Nc5 20. Qb4 Qc7 21. Bb2
Bd6 22. Qc3 1-0

[Event "AUTO-OPEN-2066"]
[Site "http://www.queenalice.com/game.php?id=814659"]
[Date "2010.8.7"]
[Round "1"]
[White "Boeing"]
[Black "Modaste1"]
[Result "1-0"]
[WhiteElo "1990"]
[BlackElo "1621"]

1. e4 e5 2. Qh5 Nc6 3. Bc4 g6 4. Qf3 Nf6 5. c3 Bg7 6. d3 d6 7. h3 Be6 8. Bxe6
fxe6 9. Bg5 O-O 10. Nd2 d5 11. exd5 exd5 12. O-O-O 1-0

[Event "AUTO-OPEN-2066"]
[Site "http://www.queenalice.com/game.php?id=814660"]
[Date "2010.8.7"]
[Round "1"]
[White "Modaste1"]
[Black "Boeing"]
[Result "0-1"]
[WhiteElo "1623"]
[BlackElo "1988"]

1. e4 e5 2. Nf3 d6 3. Be2 Bg4 4. d4 Bxf3 5. Bxf3 exd4 6. Qxd4 Nc6 7. Qd1 Qe7 8.
O-O O-O-O 9. Be3 Nf6 10. Nd2 d5 11. exd5 Nxd5 12. Re1 Qb4 0-1

[Event "AUTO-OPEN-2066"]
[Site "http://www.queenalice.com/game.php?id=814685"]
[Date "2010.8.7"]
[Round "1"]
[White "Guiga19590"]
[Black "Modaste1"]
[Result "1-0"]
[WhiteElo "1900"]
[BlackElo "1729"]

1. d4 d5 2. c4 c5 3. dxc5 d4 4. Nf3 Qa5+ 5. Qd2 Qxc5 6. Qxd4 Qb4+ 7. Bd2 Qa4 8.
Nc3 Qa6 9. Nb5 Qc6 10. Rd1 Nd7 11. Bf4 e5 12. Nxe5 Qb6 13. Qxb6 Nxb6 14. e3 Ke7
15. c5 Nd7 16. Nc7 Nxc5 17. Nxa8 1-0

[Event "AUTO-OPEN-2066"]
[Site "http://www.queenalice.com/game.php?id=814686"]
[Date "2010.8.7"]
[Round "1"]
[White "Modaste1"]
[Black "Guiga19590"]
[Result "0-1"]
[WhiteElo "1741"]
[BlackElo "1890"]

1. e4 c5 2. Nf3 d6 3. Be2 Nc6 4. O-O g6 5. d4 cxd4 6. Nxd4 Bg7 7. c3 Nf6 8. Be3
O-O 9. Qc2 e5 10. Nb5 a6 11. N5a3 Ne8 12. f4 f5 13. fxe5 dxe5 14. exf5 Bxf5 15.
Qb3+ Kh8 16. Qxb7 Qc8 0-1

[Event "AUTO-OPEN-2066"]
[Site "http://www.queenalice.com/game.php?id=814703"]
[Date "2010.8.7"]
[Round "1"]
[White "Modaste1"]
[Black "charles"]
[Result "0-1"]
[WhiteElo "1647"]
[BlackElo "1911"]

1. e4 c5 2. Nf3 Nc6 3. Bb5 Nf6 4. d3 Qa5+ 5. Nc3 Nd4 6. Bc4 d6 7. Bd2 Qb6 8. Na4
Qc7 9. c3 Nxf3+ 10. Qxf3 Bd7 11. Bb3 b5 12. Nxc5 dxc5 13. e5 Qxe5+ 14. Be3 Rc8
15. O-O Bc6 16. Qe2 e6 17. f4 Qd6 18. f5 Bd5 19. c4 bxc4 20. dxc4 Be4 21. Rad1
Qa6 22. fxe6 Qxe6 0-1

[Event "AUTO-OPEN-2066"]
[Site "http://www.queenalice.com/game.php?id=814704"]
[Date "2010.8.7"]
[Round "1"]
[White "charles"]
[Black "Modaste1"]
[Result "1-0"]
[WhiteElo "1916"]
[BlackElo "1577"]

1. e4 e5 2. Nc3 Bb4 3. Nf3 Nf6 4. Nxe5 Qe7 5. f4 d6 6. Nd3 Bxc3 7. bxc3 Nxe4 8.
Be2 Qh4+ 9. g3 Nxg3 10. hxg3 Qxh1+ 11. Bf1 O-O 12. Qe2 Bd7 13. Nf2 Qh2 14. d3
Qxg3 15. Kd1 Nc6 16. Be3 Rfe8 17. Ne4 Qh4 18. Kd2 d5 19. Nc5 d4 20. cxd4 Nxd4
21. Qg2 Nf5 22. Bf2 Qxf4+ 23. Kc3 Bc6 24. Qg1 a5 25. d4 1-0

[Event "AUTO-INT-1783"]
[Site "http://www.queenalice.com/game.php?id=815405"]
[Date "2010.8.9"]
[Round "1"]
[White "JBLOKO"]
[Black "Modaste1"]
[Result "1-0"]
[WhiteElo "1721"]
[BlackElo "1575"]

1. e4 e5 2. Nf3 Nc6 3. Bc4 Bc5 4. Nc3 Nge7 5. Ng5 d5 6. exd5 Nxd5 7. Bxd5 Qxg5
8. d4 Qe7 9. dxc5 Qxc5 10. Qh5 O-O 11. Be4 f5 12. Bd5+ Kh8 13. Bg5 Nb4 14. Bb3
1-0

[Event "AUTO-INT-1783"]
[Site "http://www.queenalice.com/game.php?id=815406"]
[Date "2010.8.9"]
[Round "1"]
[White "Modaste1"]
[Black "JBLOKO"]
[Result "0-1"]
[WhiteElo "1565"]
[BlackElo "1731"]

1. e4 e5 2. Bc4 Nf6 3. d3 Bc5 4. Nf3 Nc6 5. O-O Nd4 6. Nxe5 Qe7 7. Nxf7 Rf8 8.
e5 Ng8 9. c3 Ne6 10. Bxe6 dxe6 11. Ng5 h6 12. Qh5+ Kd8 13. d4 Bb6 0-1

[Event "AUTO-INT-1783"]
[Site "http://www.queenalice.com/game.php?id=815417"]
[Date "2010.8.9"]
[Round "1"]
[White "ciceroeduardo"]
[Black "Modaste1"]
[Result "1-0"]
[WhiteElo "1670"]
[BlackElo "1699"]

1. e4 e5 2. Nf3 Nc6 3. Bc4 Bc5 4. c3 a6 5. d4 exd4 6. cxd4 Bb4+ 7. Nc3 Nf6 8.
Bg5 h6 9. Bh4 g5 10. Bxg5 hxg5 11. Nxg5 Bxc3+ 12. bxc3 d5 13. Bd3 dxe4 14. Bxe4
Nxe4 15. Nxe4 Qe7 16. O-O Qh4 17. h3 Be6 18. Qf3 O-O-O 19. a4 Kb8 20. Rab1 Bd5
21. Rfe1 1-0

[Event "AUTO-INT-1783"]
[Site "http://www.queenalice.com/game.php?id=815418"]
[Date "2010.8.9"]
[Round "1"]
[White "Modaste1"]
[Black "ciceroeduardo"]
[Result "0-1"]
[WhiteElo "1719"]
[BlackElo "1651"]

1. d4 d5 2. Nf3 Nf6 3. Bf4 Nc6 4. e3 Bf5 5. c4 e6 6. cxd5 Nxd5 7. Bg3 Bb4+ 8.
Nbd2 O-O 9. Bb5 Na5 10. O-O a6 11. Be2 b5 12. e4 Bxe4 13. Nxe4 f5 14. Neg5 Qe7
15. a3 Bd6 16. Qc2 Nb7 17. Bh4 Qe8 18. Ne5 Bxe5 19. dxe5 Qd7 20. Rfd1 h6 0-1

[Event "AUTO-INT-1783"]
[Site "http://www.queenalice.com/game.php?id=815423"]
[Date "2010.8.9"]
[Round "1"]
[White "Felipe_Hawk"]
[Black "Modaste1"]
[Result "1-0"]
[WhiteElo "1645"]
[BlackElo "1604"]

1. e4 e5 2. Nf3 Nc6 3. Bb5 Nf6 4. Nc3 Bb4 5. Bxc6 dxc6 6. O-O O-O 7. Nxe5 Bxc3
8. dxc3 Qxd1 9. Rxd1 Re8 10. Bf4 Nxe4 11. g3 g5 12. Nd3 1-0

[Event "AUTO-INT-1783"]
[Site "http://www.queenalice.com/game.php?id=815424"]
[Date "2010.8.9"]
[Round "1"]
[White "Modaste1"]
[Black "Felipe_Hawk"]
[Result "0-1"]
[WhiteElo "1590"]
[BlackElo "1664"]

1. c4 e5 2. e4 Nf6 3. d3 Bc5 4. Nc3 Bd4 5. Bg5 Bxc3+ 6. bxc3 d6 7. Qf3 Nbd7 8.
Ne2 h6 9. Bh4 g5 10. Bg3 Nb6 11. Nc1 Bg4 12. Qe3 Qd7 13. Nb3 Na4 0-1